Statistics for Top 8 Cheerleading Films (IMDB)

Click here to take the quiz!

General Stats

  • This quiz has been taken 31 times
  • The average score is 2 of 8

Answer Stats

FilmYearIMDB% Correct
Bring It On20006.1
100%
Fired Up!20096.1
21%
Poms20196.0
21%
Z-O-M-B-I-E-S20186.0
17%
But I'm a Cheerleader19996.7
14%
The Positively True Adventures of the Alleged Texas Cheerleader-Murdering Mom19936.6
10%
Death of a Cheerleader19946.0
7%
Don't Talk to Irene20176.4
0%

Score Distribution

Percentile by Number Answered

Percent of People with Each Score

Your Score History

You have not taken this quiz